00770nam a22001817a 4500008004100000020001800041040005700059041000800116100002400124245009000148260007900238300001800317490004400335504005300379610004800432650005900480650004900539130821s2011 xxu gr eng  a9780691145280 aCO-BoUCMcAngélica RojasdAldemar Mondragónbspa00aeng1 aShamus Rahman, Khan10aPrivilege the making of an adolescent elite at St. Paul's SchoolcShamus Rahman Khan aPrinceton (Nueva Jersey, Estados Unidos)bPrinceton University Pressc2011 a232 páginas0 aPrinceton Studies in Cultural Sociology aIncluye referencias bibliográficas e índices20aSt. Paul's School (Concord, N.H.)xHistoria 7aInternadosxAspectos socialeszNew HampshirezConcord. 7aInternadoszNew HampshirezConcordxHistoria